| 000 | 00469nam a2200169 a 4500 | ||
|---|---|---|---|
| 001 | 5604 | ||
| 003 | CDMR | ||
| 005 | 20131129133323.0 | ||
| 008 | 130130s1972||||||||||||||||||||||||||||d | ||
| 040 |
_aCDMR _bcat _cCDMR |
||
| 245 | 0 |
_aTeoría y práctica del estructuralismo soviético _b: [los sistemas de signos] |
|
| 260 |
_aMadrid _c1972 _bAlberto Corazón |
||
| 300 | _a182 p. | ||
| 490 | 0 |
_aComunicación. _aSerie A _v13 |
|
| 650 |
_91282 _aSemiòtica |
||
| 942 |
_cMON _2udc |
||
| 999 |
_c5604 _d5604 |
||